| 000 | 00523nam a2200217Ia 4500 | ||
|---|---|---|---|
| 003 | OSt | ||
| 005 | 20230412110448.0 | ||
| 008 | 210423s2007 xx 000 0 und d | ||
| 020 | _a70635471 | ||
| 040 | _cAL | ||
| 041 | _aeng | ||
| 082 | _a370.15 SANJ | ||
| 100 |
_aSANTROCK (John W). _986744 |
||
| 245 | _aEducational psychology. | ||
| 250 | _a2 | ||
| 260 |
_aNew Delhi _bTata McGraw-hill _c2007 |
||
| 300 |
_axxxvi,554,Si17 _bPB |
||
| 365 |
_b575 _cINR |
||
| 906 | _aEducational ; psychology. | ||
| 942 |
_2ddc _cBK |
||
| 999 |
_c159576 _d159576 |
||